000 00522nam a22001577a 4500
003 OSt
005 20151103151223.0
008 151103b xxu||||| |||| 00| 0 eng d
040 _cRUA
082 _aFOR អី 1992​ B117 Or.1
100 _93276
_aអី វីរៈ
245 _aគំរោងនៃការរៀបចំបូណ្យរុក្ខទិវា ឆ្នាំ1992 នៅភ្នំអដ្ឋរស្ស
260 _aPhnom Penh
_bRUA
_c1992
300 _a96p.
_bill.
_c29cm.
942 _2ddc
_cFOR
999 _c3058
_d3058